UBT Library

All about high-frequency trading / (Record no. 541)

000 -LEADER
fixed length control field 00505nam a22001937a 4500
005 - DATE AND TIME OF LATEST TRANSACTION
control field 20150327105552.0
008 - FIXED-LENGTH DATA ELEMENTS--GENERAL INFORMATION
fixed length control field 100702s2010 nyua b 001 0 eng
020 ## - INTERNATIONAL STANDARD BOOK NUMBER
International Standard Book Number 9780071743440
041 0# - LANGUAGE CODE
Language code of text/sound track or separate title eng
080 ## - UNIVERSAL DECIMAL CLASSIFICATION NUMBER
Universal Decimal Classification number 336
100 1# - Rafti
Rafti Durbin, Michael.
245 10 - TITLE STATEMENT
Title All about high-frequency trading /
Statement of responsibility, etc Michael P. Durbin.
250 ## -
-- 1st ed.
260 ## -
-- New York :
-- McGraw-Hill,
-- 2010.
300 ## -
-- 224 p. :
-- me il.;
-- 23 cm.
505 0# -
-- Index: f. 219 - 224
650 #0 -
-- Financa
942 ## - ADDED ENTRY ELEMENTS (KOHA)
Source of classification or shelving scheme
Item type Books
Holdings
Withdrawn status Lost status Source of classification or shelving scheme Damaged status Not for loan Collection code Permanent location Current location Shelving location Date acquired Total Checkouts Full call number Barcode Date last seen Koha item type Price effective from
          Koleksioni i përgjithshem UBT - Lipjan UBT - Lipjan Koleksioni i përgjithshem 03/27/2015   336 DUR 002-006754 03/27/2015 Books  
          Koleksioni i përgjithshem UBT - Lipjan UBT - Lipjan Koleksioni i përgjithshem 09/16/2015   336 DUR 002-006759 07/21/2017 Books 09/16/2015
          Koleksioni i përgjithshem UBT - Lipjan UBT - Lipjan Koleksioni i përgjithshem 09/16/2015   336 DUR 002-006725 09/16/2015 Books 09/16/2015
          Koleksioni i përgjithshem UBT - Lipjan UBT - Lipjan Koleksioni i përgjithshem 09/16/2015   336 DUR 002-006726 09/16/2015 Books 09/16/2015
          Koleksioni i përgjithshem UBT - Lipjan UBT - Lipjan Koleksioni i përgjithshem 09/16/2015   336 DUR 002-006727 09/16/2015 Books 09/16/2015
          Koleksioni i përgjithshem UBT - Lipjan UBT - Lipjan Koleksioni i përgjithshem 09/16/2015   336 DUR 002-006728 09/16/2015 Books 09/16/2015
          Koleksioni i përgjithshem UBT - Lipjan UBT - Lipjan Koleksioni i përgjithshem 09/16/2015   336 DUR 002-006729 09/16/2015 Books 09/16/2015
          Koleksioni i përgjithshem UBT - Lipjan UBT - Lipjan Koleksioni i përgjithshem 09/16/2015   336 DUR 002-006730 09/16/2015 Books 09/16/2015
          Koleksioni i përgjithshem UBT - Lipjan UBT - Lipjan Koleksioni i përgjithshem 09/16/2015   336 DUR 002-006731 09/16/2015 Books 09/16/2015
          Koleksioni i përgjithshem UBT - Lipjan UBT - Lipjan Koleksioni i përgjithshem 09/16/2015   336 DUR 002-006732 09/16/2015 Books 09/16/2015
          Koleksioni i përgjithshem UBT - Lipjan UBT - Lipjan Koleksioni i përgjithshem 09/16/2015   336 DUR 002-006733 09/16/2015 Books 09/16/2015
          Koleksioni i përgjithshem UBT - Lipjan UBT - Lipjan Koleksioni i përgjithshem 09/16/2015   336 DUR 002-006734 09/16/2015 Books 09/16/2015
          Koleksioni i përgjithshem UBT - Lipjan UBT - Lipjan Koleksioni i përgjithshem 09/16/2015   336 DUR 002-006735 09/16/2015 Books 09/16/2015
          Koleksioni i përgjithshem UBT - Lipjan UBT - Lipjan Koleksioni i përgjithshem 09/16/2015   336 DUR 002-006736 09/16/2015 Books 09/16/2015
          Koleksioni i përgjithshem UBT - Lipjan UBT - Lipjan Koleksioni i përgjithshem 09/16/2015   336 DUR 002-006737 09/16/2015 Books 09/16/2015
          Koleksioni i përgjithshem UBT - Lipjan UBT - Lipjan Koleksioni i përgjithshem 09/16/2015   336 DUR 002-006738 09/16/2015 Books 09/16/2015
          Koleksioni i përgjithshem UBT - Lipjan UBT - Lipjan Koleksioni i përgjithshem 09/16/2015   336 DUR 002-006739 09/16/2015 Books 09/16/2015
          Koleksioni i përgjithshem UBT - Lipjan UBT - Lipjan Koleksioni i përgjithshem 09/16/2015   336 DUR 002-006740 09/16/2015 Books 09/16/2015
          Koleksioni i përgjithshem UBT - Lipjan UBT - Lipjan Koleksioni i përgjithshem 09/16/2015   336 DUR 002-006741 09/16/2015 Books 09/16/2015
          Koleksioni i përgjithshem UBT - Lipjan UBT - Lipjan Koleksioni i përgjithshem 09/16/2015   336 DUR 002-006742 09/16/2015 Books 09/16/2015
          Koleksioni i përgjithshem UBT - Lipjan UBT - Lipjan Koleksioni i përgjithshem 09/16/2015   336 DUR 002-006743 09/16/2015 Books 09/16/2015
          Koleksioni i përgjithshem UBT - Lipjan UBT - Lipjan Koleksioni i përgjithshem 09/16/2015   336 DUR 002-006744 09/16/2015 Books 09/16/2015
          Koleksioni i përgjithshem UBT - Lipjan UBT - Lipjan Koleksioni i përgjithshem 09/16/2015   336 DUR 002-006745 09/16/2015 Books 09/16/2015
          Koleksioni i përgjithshem UBT - Lipjan UBT - Lipjan Koleksioni i përgjithshem 09/16/2015   336 DUR 002-006746 09/16/2015 Books 09/16/2015
          Koleksioni i përgjithshem UBT - Lipjan UBT - Lipjan Koleksioni i përgjithshem 09/16/2015   336 DUR 002-006747 09/16/2015 Books 09/16/2015
          Koleksioni i përgjithshem UBT - Lipjan UBT - Lipjan Koleksioni i përgjithshem 09/16/2015   336 DUR 002-006748 09/16/2015 Books 09/16/2015
          Koleksioni i përgjithshem UBT - Lipjan UBT - Lipjan Koleksioni i përgjithshem 09/16/2015   336 DUR 002-006749 09/16/2015 Books 09/16/2015
          Koleksioni i përgjithshem UBT - Lipjan UBT - Lipjan Koleksioni i përgjithshem 12/03/2015   336 DUR 002-008662 12/03/2015 Books 12/03/2015
UBT Library © 2015-2024. All rights reserved University Education for Business and Technology